| 000 | 01013nam a22002295i 4500 | ||
|---|---|---|---|
| 001 | 155301 | ||
| 003 | ES-MaACL | ||
| 005 | 20250815062539.0 | ||
| 008 | 990526e1840 sp |||| | spa d | ||
| 040 |
_aAN _bspa _cAN |
||
| 100 | 1 |
_aHermann _c(Geógrafo) _eaut _9127883 |
|
| 245 | 1 | 0 |
_aNuevo manual de geografía : _bprecedido de un Tratado de cosmografía y elementos del sistema planetario / _cpor Hermann ; obra publicada en Francia bajo los auspicios de los ministerios del Interior y Trabajos Públicos; traducida al castellano y anotada por D. Alfredo A. Camus. |
| 246 | 1 | _aTratado de cosmografía y elementos del sistema planetario | |
| 260 |
_aCórdoba : _b[s.n.], _c1840 _f(Imp. de Noguer y Manté) |
||
| 300 |
_a599 páginas ; _c16 cm. |
||
| 650 | 0 | 7 |
_aGeografía _2embne _913070 |
| 650 | 0 | 7 |
_aCosmografía _2embne _911388 |
| 700 | 1 |
_aCamús, Alfredo Adolfo, _d1797-1889 _934362 _epbl |
|
| 852 |
_aES-MaACL _cSPP3 _jG-10769 _xHolandesa |
||
| 942 |
_2udc _cMONANT _n0 |
||
| 999 |
_c155301 _d155301 |
||